00354 a2200157 450000100060000002000060000604000220001210000260003424000420006024500370010230000070013936200090014665000170015594200070017299900170017957646 a  cAnchieta - Pituba aNeves, Jorge Henrique10aMatemática binômio de Newtonlpor10aMatemática binômio de Newton a480 a1999 4aAritmética cBK c57646d57646